banner koha

Pregnancy rates in heifers inseminated with semen of nelore bulls sexed by flow cytometry (Registro n. 196425)

MARC details
000 -LÍDER
campo de controle de tamanho fixo 00817nas a2200265 4500
001 - NÚMERO DE CONTROLE
campo de controle BR0806749
003 - IDENTIFICADOR DO NÚMERO DE CONTROLE
campo de controle BR-BrBNA
005 - DATA E HORÁRIO DA ÚLTIMA TRANSAÇÃO
campo de controle 20231205112146.0
007 - CAMPO FIXO DE DESCRIÇÃO FÍSICA--INFORMAÇÃO GERAL
campo de controle de tamanho fixo ta
008 - CAMPO DE DADOS FIXOS--INFORMAÇÃO GERAL
campo de controle de tamanho fixo 230509b bl.|||p| |||| 00| 00por d
040 ## - FONTE DA CATALOGAÇÃO
Instituição da catalogação original BR-BrBNA
Idioma da catalogação por
Instituição que transcreveu o registro Biblioteca Nacional de Agricultura
041 ## - CÓDIGO DE IDIOMA
Código do idioma do texto/trilha sonora ou título diferente (En)
072 ## - CÓDIGO DE CATEGORIA DE ASSUNTO
Código de Categoria de Assunto L53; L10
100 1# - ENTRADA PRINCIPAL--NOME PESSOAL
Nome pessoal Duarte, A.M.
100 1# - ENTRADA PRINCIPAL--NOME PESSOAL
Nome pessoal Diniz, E.G.
100 1# - ENTRADA PRINCIPAL--NOME PESSOAL
Nome pessoal Nascimento, M.R.B.M.
100 1# - ENTRADA PRINCIPAL--NOME PESSOAL
Nome pessoal Tavares, M.
100 1# - ENTRADA PRINCIPAL--NOME PESSOAL
Nome pessoal Franco, R.V.R.
245 1# - TÍTULO
Título Pregnancy rates in heifers inseminated with semen of nelore bulls sexed by flow cytometry
650 ## - ASSUNTO--TERMO TÓPICO
Cabeçalho tópico ou nome geográfico GADO NELORE
650 ## - ASSUNTO--TERMO TÓPICO
Cabeçalho tópico ou nome geográfico ESPERMATOZÓIDE
773 0# - ENTRADA ANALÍTICA
Título Ciência Animal Brasileira (Brazil)
ISSN - International Standard Serial Number ISSN 1518-2797
Partes relacionadas (Jul-Sep 2007), v. 8(3) p. 567-573
Número de controle do registro BR0806749
909 ## -
-- 202311
-- Lúcia
-- 55
-- Lúcia Elande
942 ## - ELEMENTOS DE ENTRADA ADICIONADOS (KOHA)
Fonte da classificação ou esquema de arquivamento na estante Classificação AGRIS
Ocultar no OPAC Não
Tipo de material Koha Analítica
Exemplares
Situação do descarte Fonte da classificação ou esquema de arquivamento na estante Situação física Não pode ser emprestado Biblioteca de origem Biblioteca atual Localização na estante Enumeração do periódico / cronologia Total de empréstimos Data de último acesso Número do exemplar Tipo de material Koha Fonte de aquisição
  Classificação AGRIS   Consulta local Biblioteca Nacional de Agricultura - Binagri Biblioteca Nacional de Agricultura - Binagri   (Jul-Sep 2007), v. 8(3) p. 567-573   29/11/2023 01 Periódicos Portaria Interministerial nº 164/94

BINAGRI

Telefone: (61)3218-2567/2388/3357/2097 - binagri@agro.gov.br

Ministério da Agricultura e Pecuária , Esplanada dos Ministérios, Bloco D, Anexo B, Brasília/DF, CEP: 70.043-900